[Event "17. Torneo San Viator 2011"]
[Site "Madrid ESP"]
[Date "2011.10.01"]
[Round "2.8"]
[White "Pardo Vaquero, Ignacio"]
[Black "Lucas Garcia, Pedro"]
[Result "0-1"]
[WhiteElo "1752"]
[BlackElo "1885"]
[PlyCount "172"]
[EventDate "2011.09.25"]
[EventType "swiss"]
[EventRounds "9"]
[EventCountry "ESP"]
[Source "lmi"]
[SourceDate "2011.09.25"]

1. d4 Nf6 2. Bf4 e6 3. Nf3 c5 4. e3 Be7 5. Nbd2 b6 6. c3 Bb7 7. Bd3 O-O 8. Qe2
d6 9. O-O Qc7 10. Rac1 Nbd7 11. Rfd1 e5 12. dxe5 dxe5 13. Bg3 Rfe8 14. Nc4 Bf8
15. Qc2 b5 16. Ng5 g6 17. Nd2 a6 18. Be4 Nxe4 19. Ndxe4 Qc6 20. Rxd7 f5 21.
Rxb7 h6 22. Rc7 Qxc7 23. Nf6+ Kg7 24. Nxe8+ Rxe8 25. Nf3 f4 26. Nxe5 Qxe5 27.
Bxf4 Qd5 28. c4 bxc4 29. Qxc4 Qxc4 30. Rxc4 Rd8 31. Kf1 g5 32. Be5+ Kf7 33. Ke2
Ke6 34. f4 Kd5 35. Ra4 Rc8 36. e4+ Kc6 37. Ra3 a5 38. fxg5 Re8 39. Bc3 Rxe4+
40. Kf3 Re6 41. Rxa5 Kd5 42. gxh6 Bxh6 43. Kf2 Kc4 44. Ra8 Be3+ 45. Kf3 Bc1 46.
a4 Re3+ 47. Kf2 Re6 48. a5 Kd3 49. Rd8+ Kc2 50. Rc8 Kb3 51. Rb8+ Kc4 52. Rb6
Re8 53. a6 Kd3 54. Rd6+ Kc4 55. a7 Kb5 56. Rd1 Bf4 57. g3 Bc7 58. Ra1 Ra8 59.
Kg2 Bb6 60. Be5 Bxa7 61. Bb8 Rxb8 62. Rxa7 Kc4 63. Rf7 Rxb2+ 64. Rf2 Rb6 65. h4
Kd4 66. Rf4+ Kd5 67. h5 c4 68. Kf2 c3 69. Rf5+ Ke4 70. Rf4+ Kd3 71. Rf3+ Kd4
72. Ke2 Rb2+ 73. Kd1 Rh2 74. g4 Rh1+ 75. Kc2 Rh2+ 76. Kd1 Rh1+ 77. Kc2 Rh2+ 78.
Kb3 Rb2+ 79. Ka3 Rg2 80. Kb3 Rb2+ 81. Ka3 Rg2 82. Rf4+ Kd3 83. Rf3+ Kd2 84. Kb3
c2 85. Rc3 c1=Q 86. Rxc1 Kxc1 0-1

[Event "17. Torneo San Viator 2011"]
[Site "Madrid ESP"]
[Date "2011.10.01"]
[Round "2.10"]
[White "Rodriguez Alonso, Marcos"]
[Black "Pindado Campos, Raul"]
[Result "1-0"]
[WhiteElo "1540"]
[BlackElo "1830"]
[PlyCount "133"]
[EventDate "2011.09.25"]
[EventType "swiss"]
[EventRounds "9"]
[EventCountry "ESP"]
[Source "lmi"]
[SourceDate "2011.09.25"]

1. e4 e6 2. d4 d5 3. exd5 exd5 4. Bd3 Nf6 5. Ne2 Bd6 6. Nd2 Bg4 7. f3 Bh5 8.
Nb3 Nbd7 9. Bf4 Qe7 10. Bxd6 Qxd6 11. Qd2 Bg6 12. Bxg6 hxg6 13. Qf4 Qc6 14. c3
O-O-O 15. O-O-O Qa6 16. Ng3 b6 17. Kb1 Kb7 18. Qd2 Qc4 19. Qd3 Qc6 20. Qc2 a5
21. a3 Ra8 22. Nd2 b5 23. Ne2 a4 24. Nf4 Qd6 25. g3 Nb6 26. Nd3 Nfd7 27. f4
Rae8 28. h4 f6 29. Rde1 g5 30. hxg5 fxg5 31. Rxh8 Rxh8 32. Nf3 gxf4 33. gxf4
Nc4 34. Nfe5 Ndxe5 35. Nxe5 Nxe5 36. fxe5 Qe6 37. Qg2 Rg8 38. Rg1 g6 39. Rf1 c6
40. Rf6 Qe8 41. Qg3 g5 42. Qg4 Rg6 43. Qh5 Rg8 44. Qxe8 Rxe8 45. Rg6 Rf8 46.
Rxg5 Rf1+ 47. Ka2 Re1 48. Rg2 Kc7 49. Rc2 Kd7 50. b3 Re4 51. bxa4 bxa4 52. Rd2
Ke6 53. Kb2 c5 54. Kc2 cxd4 55. cxd4 Re1 56. Kc3 Rb1 57. Rb2 Ra1 58. Rb6+ Kf5
59. Kb2 Rf1 60. Rf6+ Ke4 61. Rxf1 Kxd4 62. e6 Kc5 63. e7 Kb6 64. e8=Q Ka7 65.
Qe6 d4 66. Rf7+ Ka8 67. Qe8# 1-0

[Event "17. Torneo San Viator 2011"]
[Site "Madrid ESP"]
[Date "2011.10.01"]
[Round "2.11"]
[White "Jimenez Sanchez, Juan D"]
[Black "Rodriguez Varela, Alvaro"]
[Result "0-1"]
[WhiteElo "1469"]
[BlackElo "1753"]
[PlyCount "68"]
[EventDate "2011.09.25"]
[EventType "swiss"]
[EventRounds "9"]
[EventCountry "ESP"]
[Source "lmi"]
[SourceDate "2011.09.25"]

1. d4 e5 2. Nf3 e4 3. Ne5 d5 4. e3 Nf6 5. c4 Be7 6. Nc3 dxc4 7. Bxc4 O-O 8. h3
c6 9. Qb3 Qe8 10. Bd2 Bd6 11. Ng4 Nxg4 12. hxg4 b5 13. Be2 b4 14. Na4 Be6 15.
Qc2 Bd5 16. O-O-O Nd7 17. b3 c5 18. Kb1 Rc8 19. Bc4 cxd4 20. exd4 Nf6 21. Rh4
e3 22. Bxe3 Be4 23. Rd3 Nd5 24. Qd2 Qe7 25. g3 Nc3+ 26. Nxc3 bxc3 27. Qxc3 Ba3
28. Bd2 a5 29. Ka1 Bb4 30. Qc2 Bxd2 31. Qxd2 Bxd3 32. Bxd3 g6 33. Qh6 Qe1+ 34.
Bb1 Qc3# 0-1

[Event "17. Torneo San Viator 2011"]
[Site "Madrid ESP"]
[Date "2011.10.01"]
[Round "2.14"]
[White "Cortijo Manso, Luis"]
[Black "Cazorla Munoz, Francisco"]
[Result "0-1"]
[WhiteElo "1538"]
[BlackElo "1725"]
[PlyCount "64"]
[EventDate "2011.09.25"]
[EventType "swiss"]
[EventRounds "9"]
[EventCountry "ESP"]
[Source "lmi"]
[SourceDate "2011.09.25"]

1. d4 Nf6 2. Nf3 c5 3. c3 e6 4. g3 Nc6 5. Bg2 Be7 6. O-O Qb6 7. e3 d5 8. Nbd2
Bd7 9. Qb3 Qc7 10. c4 cxd4 11. exd4 Na5 12. Qc3 dxc4 13. b3 Nd5 14. Qc2 c3 15.
Ne4 Rc8 16. Ne5 b5 17. Nxd7 Qxd7 18. a3 b4 19. a4 O-O 20. Bg5 h6 21. Bxe7 Nxe7
22. Rad1 Nd5 23. Nc5 Qe7 24. Rfe1 Rfd8 25. f4 g6 26. Nd3 Nc6 27. Nf2 a5 28. Ng4
Kg7 29. Nf2 Qa7 30. Qd3 Nce7 31. Rc1 Nf5 32. Re4 Nf6 0-1

[Event "17. Torneo San Viator 2011"]
[Site "Madrid ESP"]
[Date "2011.10.01"]
[Round "2.15"]
[White "Garcia Velayos, Carlos E"]
[Black "Garcia Alonso, David"]
[Result "1/2-1/2"]
[WhiteElo "1775"]
[BlackElo "1549"]
[PlyCount "74"]
[EventDate "2011.09.25"]
[EventType "swiss"]
[EventRounds "9"]
[EventCountry "ESP"]
[Source "lmi"]
[SourceDate "2011.09.25"]

1. Nf3 Nf6 2. g3 g6 3. Bg2 Bg7 4. d3 d6 5. e4 O-O 6. O-O Nbd7 7. c3 e5 8. Qc2
b6 9. Re1 Bb7 10. Nbd2 Qe7 11. Nf1 a5 12. h3 Nc5 13. Bg5 h6 14. Bxf6 Qxf6 15.
b4 axb4 16. cxb4 Ne6 17. Ne3 c5 18. Nc4 cxb4 19. Nxb6 Rad8 20. Nd5 Bxd5 21.
exd5 Nd4 22. Nxd4 exd4 23. Rab1 Rb8 24. Qd2 Rfc8 25. Rxb4 Rxb4 26. Qxb4 Rc2 27.
Qb8+ Kh7 28. Rf1 Rxa2 29. Qe8 h5 30. Qe4 Qe5 31. Qxe5 Bxe5 32. Rc1 g5 33. Be4+
Kg7 34. Rc7 Rd2 35. g4 hxg4 36. hxg4 Rd1+ 37. Kg2 Rd2 1/2-1/2

[Event "17. Torneo San Viator 2011"]
[Site "Madrid ESP"]
[Date "2011.10.01"]
[Round "2.16"]
[White "Garcia Rojas, Juan Carlos"]
[Black "Pindado Del Carmen, Eliseo"]
[Result "1/2-1/2"]
[WhiteElo "1565"]
[BlackElo "1655"]
[PlyCount "93"]
[EventDate "2011.09.25"]
[EventType "swiss"]
[EventRounds "9"]
[EventCountry "ESP"]
[Source "lmi"]
[SourceDate "2011.09.25"]

1. e4 c6 2. Nf3 d5 3. exd5 cxd5 4. d4 Bg4 5. Be2 Nc6 6. Be3 Qa5+ 7. c3 Qb6 8.
Qc2 h6 9. Ne5 Bxe2 10. Nxc6 Bd3 11. Qxd3 bxc6 12. Qc2 Rb8 13. b3 Qa6 14. Nd2 e6
15. Bf4 Rc8 16. c4 c5 17. Qd3 Nf6 18. O-O Bd6 19. Bxd6 Qxd6 20. dxc5 Qxc5 21.
Rac1 O-O 22. Nf3 Rfd8 23. Qe2 dxc4 24. Rxc4 Qb5 25. Rfc1 Rxc4 26. bxc4 Qc5 27.
Nd2 Qa3 28. Nb3 a5 29. Rd1 Rxd1+ 30. Qxd1 Qxa2 31. c5 a4 32. Nd4 Ne4 33. c6
Qxf2+ 34. Kh1 Qf4 35. g3 Qe5 36. Qxa4 Qd5 37. Kg1 Nc5 38. Qa8+ Kh7 39. Qa1 Qe5
40. Qb1+ g6 41. Nb5 Qe3+ 42. Kg2 Qe2+ 43. Kh3 h5 44. c7 Qg4+ 45. Kg2 Qe2+ 46.
Kg1 Qe3+ 47. Kf1 1/2-1/2

[Event "17. Torneo San Viator 2011"]
[Site "Madrid ESP"]
[Date "2011.10.01"]
[Round "2.17"]
[White "Garcia-Ines Sanchez, Gustavo"]
[Black "Zhynguel Ramirez De Verger, Alek"]
[Result "0-1"]
[WhiteElo "1633"]
[BlackElo "1516"]
[PlyCount "92"]
[EventDate "2011.09.25"]
[EventType "swiss"]
[EventRounds "9"]
[EventCountry "ESP"]
[Source "lmi"]
[SourceDate "2011.09.25"]

1. e4 c5 2. Nf3 d6 3. d4 Nf6 4. Nc3 cxd4 5. Nxd4 Nc6 6. Nb3 Bd7 7. Bg5 a6 8.
Bc4 b5 9. Bd3 Ne5 10. f3 Nxd3+ 11. Qxd3 Qc8 12. O-O b4 13. Nd5 Bb5 14. Qd4 Nxd5
15. exd5 Bxf1 16. Kxf1 a5 17. Re1 Qa6+ 18. Kg1 Qa7 19. Bf4 Qxd4+ 20. Nxd4 Kd7
21. Nc6 e6 22. Bg5 f6 23. Be3 exd5 24. Nd4 g6 25. Nb5 Bg7 26. Rd1 Rab8 27. Rxd5
Kc6 28. Rxd6+ Kxb5 29. Rd7 Bf8 30. b3 Kc6 31. Ra7 Rb5 32. Ra6+ Kb7 33. Rxf6 Bc5
34. Rf7+ Kc6 35. Rf6+ Kd7 36. Kf2 Re8 37. Bxc5 Rxc5 38. Rf7+ Re7 39. Rxe7+ Kxe7
40. g4 Rxc2+ 41. Kg3 Rxa2 42. f4 Rb2 43. Kh4 h6 44. f5 gxf5 45. gxf5 Kf6 46.
Kg4 Rxb3 0-1

[Event "17. Torneo San Viator 2011"]
[Site "Madrid ESP"]
[Date "2011.10.01"]
[Round "2.18"]
[White "Jimenez Perez, Federico"]
[Black "Perez Perez, Elena"]
[Result "0-1"]
[WhiteElo "1330"]
[BlackElo "1630"]
[PlyCount "72"]
[EventDate "2011.09.25"]
[EventType "swiss"]
[EventRounds "9"]
[EventCountry "ESP"]
[Source "lmi"]
[SourceDate "2011.09.25"]

1. e4 e5 2. Nf3 Nc6 3. Bc4 Bc5 4. d3 Nf6 5. Nc3 d6 6. Ng5 O-O 7. Nd5 Na5 8. Qe2
Nxc4 9. dxc4 h6 10. h4 Nxd5 11. cxd5 hxg5 12. hxg5 g6 13. Bd2 Kg7 14. O-O-O Rh8
15. f3 Bd7 16. g4 Qe7 17. Rh6 Rxh6 18. gxh6+ Kh7 19. Kb1 g5 20. Rh1 Rg8 21. Rh5
Rg6 22. Qh2 Qf6 23. f4 gxf4 24. Rh4 Rxh6 25. g5 Qxg5 26. Rxh6+ Qxh6 27. Qxh6+
Kxh6 28. Kc1 Bg4 29. Be1 f3 30. a3 Be3+ 31. Kb1 f2 32. Bxf2 Bxf2 33. c4 Bf3 34.
b4 Bxe4+ 35. Kb2 Bd4+ 36. Kb3 f5 0-1

[Event "17. Torneo San Viator 2011"]
[Site "Madrid ESP"]
[Date "2011.10.02"]
[Round "3.1"]
[White "Lucas Garcia, Pedro"]
[Black "Cabanas Jimenez, Andres"]
[Result "0-1"]
[WhiteElo "1885"]
[BlackElo "2229"]
[PlyCount "82"]
[EventDate "2011.09.25"]
[EventType "swiss"]
[EventRounds "9"]
[EventCountry "ESP"]
[Source "lmi"]
[SourceDate "2011.09.25"]

1. e4 c5 2. Nf3 Nc6 3. Bb5 g6 4. c3 Nf6 5. Qe2 Qb6 6. Na3 a6 7. Bc4 d6 8. Ng5
e6 9. O-O h6 10. Nf3 Bg7 11. Rd1 Ng4 12. d4 cxd4 13. cxd4 O-O 14. h3 Nf6 15.
Bb3 Na5 16. e5 Nxb3 17. exf6 Nxc1 18. Raxc1 Bxf6 19. Nc4 Qd8 20. Qd2 b5 21. Na5
Bd7 22. b4 Kh7 23. Qf4 Be7 24. Nc6 Bxc6 25. Rxc6 a5 26. a3 axb4 27. axb4 Kg7
28. d5 e5 29. Qe3 f5 30. Qc3 Rf7 31. Rc1 Ra7 32. Rc8 Qb6 33. Re8 Rf8 34. Rxf8
Bxf8 35. Qc8 Qb7 36. Qxb7+ Rxb7 37. Rc6 Kf6 38. Kf1 e4 39. Nd4 Ke5 40. Ne6 Kxd5
41. Nd8 Rb8 0-1

[Event "17. Torneo San Viator 2011"]
[Site "Madrid ESP"]
[Date "2011.10.02"]
[Round "3.2"]
[White "Martinez Rubio, Felipe"]
[Black "Cabanas Bravo, Juan Andres"]
[Result "0-1"]
[WhiteElo "1868"]
[BlackElo "2065"]
[PlyCount "102"]
[EventDate "2011.09.25"]
[EventType "swiss"]
[EventRounds "9"]
[EventCountry "ESP"]
[Source "lmi"]
[SourceDate "2011.09.25"]

1. Nf3 Nf6 2. d4 g6 3. c4 Bg7 4. Nc3 d5 5. cxd5 Nxd5 6. e4 Nxc3 7. bxc3 c5 8.
Bb5+ Bd7 9. Bxd7+ Qxd7 10. O-O cxd4 11. cxd4 Nc6 12. Be3 O-O 13. d5 Nb4 14. Bd4
Bxd4 15. Nxd4 Rfc8 16. a3 Na6 17. f3 Rc4 18. Qd3 Qa4 19. Ne2 Nc5 20. Qd1 Qa6
21. Kh1 Rc8 22. Re1 Na4 23. Ra2 Nc3 24. Nxc3 Rxc3 25. a4 Qc4 26. Ra1 Rc2 27. h3
Qc3 28. Rb1 Qa3 29. Qd4 b6 30. Ra1 Qc5 31. Qxc5 R8xc5 32. Ra3 Rd2 33. Rg1 Kf8
34. Kh2 Ke8 35. Kg3 Rcc2 36. a5 b5 37. a6 Kd7 38. Rb3 Rb2 39. Rb1 Rxg2+ 40. Kf4
g5+ 41. Kf5 Rbf2 42. e5 Rg3 43. Ke4 Re2+ 44. Re3 Ra2 45. Rxb5 Ra4+ 46. Kd3 Rxa6
47. Rb7+ Kd8 48. Rb8+ Kc7 49. Rh8 Rxh3 50. Rg8 Rh4 51. Rxg5 Ra3+ 0-1

[Event "17. Torneo San Viator 2011"]
[Site "Madrid ESP"]
[Date "2011.10.02"]
[Round "3.3"]
[White "Andalon Gomez, Carlos J"]
[Black "Barahona Torrijos, Angel"]
[Result "0-1"]
[WhiteElo "2052"]
[BlackElo "1902"]
[PlyCount "74"]
[EventDate "2011.09.25"]
[EventType "swiss"]
[EventRounds "9"]
[EventCountry "ESP"]
[Source "lmi"]
[SourceDate "2011.09.25"]

1. d4 Nf6 2. c4 e6 3. Nc3 d5 4. cxd5 exd5 5. Bg5 Be7 6. e3 h6 7. Bh4 c6 8. Qc2
O-O 9. Bd3 Ne8 10. Bg3 Nd6 11. Nge2 f5 12. O-O-O b5 13. Kb1 Nc4 14. Nf4 Na6 15.
Bxc4 bxc4 16. Ng6 Nb4 17. Qe2 Rf6 18. Ne5 Ba6 19. h4 Nd3 20. h5 Rb8 21. Nxd3
cxd3 22. Qd2 Rb7 23. Bh4 Qa5 24. Bxf6 Bb4 25. Rc1 gxf6 26. Rh3 Bc4 27. Rg3+ Kh7
28. b3 Qb6 29. Rg6 Ba3 30. e4 f4 31. Nxd5 Bxd5 32. exd5 Qxd4 33. Rc4 Qxc4 34.
dxc6 Qxc6 35. Rxh6+ Kxh6 36. Qxf4+ Kh7 37. Qf5+ Kh8 0-1

[Event "17. Torneo San Viator 2011"]
[Site "Madrid ESP"]
[Date "2011.10.02"]
[Round "3.4"]
[White "Cano Cabanillas, Javier"]
[Black "Ruiz Escobar, Israel"]
[Result "1-0"]
[WhiteElo "1948"]
[BlackElo "1757"]
[PlyCount "57"]
[EventDate "2011.09.25"]
[EventType "swiss"]
[EventRounds "9"]
[EventCountry "ESP"]
[Source "lmi"]
[SourceDate "2011.09.25"]

1. e4 d5 2. exd5 Nf6 3. Nf3 Bg4 4. Bb5+ Nbd7 5. h3 Bf5 6. c4 a6 7. Ba4 e6 8.
dxe6 Bxe6 9. Qe2 Qe7 10. O-O O-O-O 11. d4 Nb6 12. Bb3 h6 13. d5 Bf5 14. Qxe7
Bxe7 15. Ne5 Rhf8 16. Rd1 Rde8 17. Be3 Nfd7 18. Nxd7 Bxd7 19. Nc3 f5 20. d6 Bd8
21. c5 Na8 22. Nd5 cxd6 23. cxd6 Bc6 24. Rac1 Kd7 25. Ne7 Bb6 26. Bf4 Rh8 27.
Re1 Kd8 28. Be5 g5 29. Bf6 1-0

[Event "17. Torneo San Viator 2011"]
[Site "Madrid ESP"]
[Date "2011.10.02"]
[Round "3.5"]
[White "Sarabia Lopez, Joaquin"]
[Black "Perez Calahorra, Ricardo"]
[Result "0-1"]
[WhiteElo "1799"]
[BlackElo "2175"]
[PlyCount "74"]
[EventDate "2011.09.25"]
[EventType "swiss"]
[EventRounds "9"]
[EventCountry "ESP"]
[Source "lmi"]
[SourceDate "2011.09.25"]

1. c4 Nf6 2. Nc3 e5 3. e4 c6 4. d3 d5 5. Bg5 d4 6. Nce2 h6 7. Bd2 a5 8. g3 Na6
9. Bg2 Nc5 10. Qc2 Qb6 11. Nf3 Qxb2 12. Rc1 Qxc2 13. Rxc2 Nxd3+ 14. Kf1 Nxf2
15. Kxf2 Nxe4+ 16. Ke1 d3 17. Rb2 dxe2 18. Kxe2 Nxd2 19. Rxd2 Bb4 20. Rb2 Bg4
21. Ke3 Bc5+ 22. Ke4 Bxf3+ 23. Bxf3 O-O-O 24. Rhb1 b6 25. Kf5 g6+ 26. Kf6 Kc7
27. Re2 Bd4 28. Be4 Rh7 29. Bxg6 Rd6+ 30. Kf5 fxg6+ 31. Ke4 Rf7 32. Rb3 Rdf6
33. h3 Rf2 34. Rxf2 Rxf2 35. a3 Kd6 36. g4 a4 37. Rd3 Rf4# 0-1

[Event "17. Torneo San Viator 2011"]
[Site "Madrid ESP"]
[Date "2011.10.02"]
[Round "3.6"]
[White "Rosa Ramirez, Victor D"]
[Black "Rodriguez Alonso, Marcos"]
[Result "1-0"]
[WhiteElo "1952"]
[BlackElo "1540"]
[PlyCount "47"]
[EventDate "2011.09.25"]
[EventType "swiss"]
[EventRounds "9"]
[EventCountry "ESP"]
[Source "lmi"]
[SourceDate "2011.09.25"]

1. e4 e5 2. Nf3 Nc6 3. Bc4 Bc5 4. c3 Nf6 5. d4 exd4 6. O-O d6 7. cxd4 Bb6 8. h3
h6 9. Qc2 Bxd4 10. Bb5 Bc5 11. e5 Nh7 12. exd6 cxd6 13. b4 Bb6 14. Re1+ Kf8 15.
Bxc6 Bxf2+ 16. Qxf2 bxc6 17. Bb2 Qb6 18. Bd4 Qxb4 19. Qh4 Qa5 20. Qg3 Ng5 21.
Qxd6+ Kg8 22. Re8+ Kh7 23. Rxh8+ Kxh8 24. Qxh6+ 1-0

[Event "17. Torneo San Viator 2011"]
[Site "Madrid ESP"]
[Date "2011.10.02"]
[Round "3.7"]
[White "Lianes Garcia, Marcos"]
[Black "Del Castillo Lopez, Rafael"]
[Result "1-0"]
[WhiteElo "1430"]
[BlackElo "1757"]
[PlyCount "105"]
[EventDate "2011.09.25"]
[EventType "swiss"]
[EventRounds "9"]
[EventCountry "ESP"]
[Source "lmi"]
[SourceDate "2011.09.25"]

1. e4 c5 2. c3 d5 3. exd5 Qxd5 4. d4 e6 5. Nf3 Nf6 6. Be3 cxd4 7. cxd4 Bb4+ 8.
Nc3 O-O 9. Be2 Ne4 10. Qc2 Nc6 11. O-O Nxc3 12. bxc3 Be7 13. Rfd1 b5 14. a3 a6
15. c4 bxc4 16. Bxc4 Qd7 17. d5 exd5 18. Bxd5 Qf5 19. Qxf5 Bxf5 20. Bxc6 Rad8
21. Rxd8 Rxd8 22. Nd4 Bf6 23. Rd1 Be6 24. Rd2 Bc4 25. Nf5 Rb8 26. h3 g6 27.
Nh6+ Kg7 28. Ng4 Be7 29. a4 Bb4 30. Rd4 h5 31. Rxc4 hxg4 32. Ba7 Rc8 33. Rxb4
Rxc6 34. Rxg4 f5 35. Rd4 Kf6 36. Kf1 g5 37. Bb8 Ke6 38. g3 Rb6 39. Rd6+ Rxd6
40. Bxd6 Kxd6 41. Ke2 Ke5 42. Ke3 Ke6 43. h4 Kf6 44. a5 Kg6 45. hxg5 Kxg5 46.
Kf3 Kg6 47. Kf4 Kf6 48. f3 Ke6 49. g4 fxg4 50. fxg4 Kf6 51. Ke4 Kg5 52. Kd5
Kxg4 53. Kc6 1-0

[Event "17. Torneo San Viator 2011"]
[Site "Madrid ESP"]
[Date "2011.10.02"]
[Round "3.9"]
[White "Perez Perez, Elena"]
[Black "Ruiz Sanchez, Roberto"]
[Result "0-1"]
[WhiteElo "1630"]
[BlackElo "1965"]
[PlyCount "54"]
[EventDate "2011.09.25"]
[EventType "swiss"]
[EventRounds "9"]
[EventCountry "ESP"]
[Source "lmi"]
[SourceDate "2011.09.25"]

1. e4 d6 2. d4 Nf6 3. Nc3 c6 4. Be3 Nbd7 5. Qd2 e5 6. f3 Be7 7. O-O-O O-O 8. g4
b5 9. Kb1 Nb6 10. Qe1 b4 11. Nce2 Nc4 12. Bc1 Qb6 13. b3 Na3+ 14. Bxa3 bxa3 15.
dxe5 dxe5 16. Qc3 Be6 17. Qxe5 Rad8 18. Nc3 Rxd1+ 19. Nxd1 Nd7 20. Qc3 Bf6 21.
Qd2 Rd8 22. Be2 Ne5 23. Qc1 Nxg4 24. fxg4 Qd4 25. c3 Qxe4+ 26. Qc2 Qxh1 27. Nf3
Bxg4 0-1

[Event "17. Torneo San Viator 2011"]
[Site "Madrid ESP"]
[Date "2011.10.02"]
[Round "3.12"]
[White "Tolosana Esteban, Enrique"]
[Black "Castro Uceda, Jose A"]
[Result "0-1"]
[WhiteElo "1806"]
[BlackElo "1636"]
[PlyCount "90"]
[EventDate "2011.09.25"]
[EventType "swiss"]
[EventRounds "9"]
[EventCountry "ESP"]
[Source "lmi"]
[SourceDate "2011.09.25"]

1. f4 d5 2. Nf3 c5 3. e3 a6 4. a4 Nc6 5. b3 Nf6 6. Be2 e6 7. O-O Bd6 8. Bb2 O-O
9. d4 Qb6 10. Ne5 c4 11. Ba3 Bxa3 12. Nxa3 cxb3 13. cxb3 Ne4 14. Bd3 Nf6 15. g4
Nd7 16. Rc1 Ndxe5 17. fxe5 Nxd4 18. Bxh7+ Kxh7 19. exd4 Qd8 20. h4 Bd7 21. g5
b5 22. Rc2 bxa4 23. Rcf2 Qe7 24. Qh5+ Kg8 25. Rf6 Qb4 26. Nc2 Qxb3 27. R1f3
Qxc2 28. Rg3 Rab8 29. Rgf3 Rb1+ 30. Rf1 Rxf1+ 31. Rxf1 a3 32. Qg4 a2 33. h5 Qb1
34. h6 Qxf1+ 35. Kxf1 a1=Q+ 36. Kf2 Qb2+ 37. Ke3 Qc1+ 38. Kf2 Qc2+ 39. Kg3 Qg6
40. hxg7 Qxg7 41. Kh4 Rb8 42. Qe2 Bb5 43. Qc2 Bc4 44. Kg4 Rb3 45. Qd2 Qg6 0-1

[Event "17. Torneo San Viator 2011"]
[Site "Madrid ESP"]
[Date "2011.10.02"]
[Round "3.13"]
[White "Garcia-Ruiz Fuentes, Marcos"]
[Black "Plazuelo Pascual, Juan"]
[Result "1-0"]
[WhiteElo "1801"]
[BlackElo "1610"]
[PlyCount "77"]
[EventDate "2011.09.25"]
[EventType "swiss"]
[EventRounds "9"]
[EventCountry "ESP"]
[Source "lmi"]
[SourceDate "2011.09.25"]

1. e4 c6 2. Nc3 d5 3. Nf3 Bg4 4. h3 Bxf3 5. gxf3 e6 6. d4 Nf6 7. Be3 Qc7 8. Qd2
dxe4 9. fxe4 Bb4 10. Bd3 Nbd7 11. Bg5 h6 12. Be3 O-O-O 13. a3 Be7 14. b4 a6 15.
Ke2 e5 16. d5 cxd5 17. Nxd5 Nxd5 18. exd5 Nf6 19. b5 e4 20. bxa6 exd3+ 21. cxd3
Kd7 22. Rhc1 Qe5 23. axb7 Qh5+ 24. Ke1 Qxd5 25. Rab1 Bxa3 26. Rd1 Rb8 27. Qc2
Be7 28. Qa4+ Qc6 29. Qd4+ Ke8 30. Rdc1 Qd7 31. Qa7 Bd6 32. Bc5 Ke7 33. Rb2 Rhe8
34. Re2+ Kf8 35. Kd1 Rxe2 36. Qxb8+ Re8 37. Qxd6+ Qxd6 38. Bxd6+ Kg8 39. b8=Q
1-0

[Event "17. Torneo San Viator 2011"]
[Site "Madrid ESP"]
[Date "2011.10.02"]
[Round "3.17"]
[White "Zhynguel Ramirez De Verger, Alek"]
[Black "Al-Zarif, Bassam"]
[Result "0-1"]
[WhiteElo "1516"]
[BlackElo "1701"]
[PlyCount "134"]
[EventDate "2011.09.25"]
[EventType "swiss"]
[EventRounds "9"]
[EventCountry "ESP"]
[Source "lmi"]
[SourceDate "2011.09.25"]

1. d4 d5 2. Bf4 Nf6 3. Nf3 e6 4. e3 a6 5. c4 dxc4 6. Bxc4 b5 7. Be2 Bb7 8. Nc3
Nbd7 9. O-O c5 10. dxc5 Bxc5 11. Bd6 Qb6 12. Bxc5 Nxc5 13. Nd2 O-O 14. Bf3 Rfd8
15. Qc2 Rac8 16. Rfd1 Qa7 17. Nce4 Ncd7 18. Nxf6+ Nxf6 19. Ne4 Nd5 20. Qd2 Qa8
21. Rac1 Nc7 22. Qb4 a5 23. Rxd8+ Rxd8 24. Qe7 Nd5 25. Qg5 f6 26. Qg3 e5 27.
Nc5 Rc8 28. Qg4 Nb4 29. Qe6+ Kh8 30. Bxb7 Qxb7 31. h3 Qc6 32. Qf7 Qd5 33. Qxd5
Nxd5 34. Nd3 Rxc1+ 35. Nxc1 Kg8 36. Kf1 Kf7 37. Ke2 e4 38. a3 a4 39. f3 f5 40.
g4 exf3+ 41. Kxf3 fxg4+ 42. hxg4 Ke6 43. Nd3 h6 44. Nf4+ Ke5 45. Nxd5 Kxd5 46.
Kf4 Ke6 47. Ke4 g6 48. Kf4 h5 49. e4 h4 50. g5 h3 51. Kg3 h2 52. Kxh2 Ke5 53.
Kg3 Kxe4 54. Kg4 Ke5 55. Kg3 Kf5 56. Kh3 Kxg5 57. Kg3 Kf5 58. Kf3 g5 59. Ke3 g4
60. Kd4 g3 61. Kc5 g2 62. Kxb5 g1=Q 63. Kxa4 Qa7+ 64. Kb4 Ke5 65. b3 Kd5 66. a4
Qb6+ 67. Ka3 Kc5 0-1

[Event "17. Torneo San Viator 2011"]
[Site "Madrid ESP"]
[Date "2011.10.02"]
[Round "3.19"]
[White "Garcia Velayos, Carlos E"]
[Black "Jimenez Sanchez, Juan D"]
[Result "1-0"]
[WhiteElo "1775"]
[BlackElo "1469"]
[PlyCount "65"]
[EventDate "2011.09.25"]
[EventType "swiss"]
[EventRounds "9"]
[EventCountry "ESP"]
[Source "lmi"]
[SourceDate "2011.09.25"]

1. e4 c5 2. Nf3 d6 3. d3 Nc6 4. g3 Nf6 5. Bg2 e5 6. O-O Be7 7. Nc3 O-O 8. h3 h6
9. Kh2 Be6 10. Ne2 Rc8 11. Nfg1 Qc7 12. f4 Nd4 13. c3 Nxe2 14. Qxe2 Rfd8 15. f5
Bd7 16. c4 b5 17. b3 a6 18. g4 Nh7 19. Nf3 Rf8 20. Be3 Qd8 21. Qd2 Bg5 22. Kg3
Bxe3 23. Qxe3 Ng5 24. h4 Nxf3 25. Bxf3 f6 26. Rf2 Rf7 27. Rg2 Qe7 28. Rag1 Rcf8
29. Kf2 g5 30. fxg6 Rg7 31. Qxh6 Be8 32. h5 Bxg6 33. hxg6 1-0

[Event "17. Torneo San Viator 2011"]
[Site "Madrid ESP"]
[Date "2011.10.02"]
[Round "3.20"]
[White "Pindado Del Carmen, Eliseo"]
[Black "Perez Mondejar, Adler"]
[Result "1/2-1/2"]
[WhiteElo "1655"]
[BlackElo "1398"]
[PlyCount "109"]
[EventDate "2011.09.25"]
[EventType "swiss"]
[EventRounds "9"]
[EventCountry "ESP"]
[Source "lmi"]
[SourceDate "2011.09.25"]

1. c4 e5 2. Nc3 Nc6 3. e3 Bc5 4. g3 Nf6 5. Bg2 O-O 6. Nge2 Ne7 7. O-O c6 8. d3
d5 9. cxd5 cxd5 10. d4 exd4 11. Nxd4 Bxd4 12. Qxd4 Nc6 13. Qa4 Bf5 14. Rd1 Be6
15. a3 a6 16. b4 Rc8 17. Bb2 b5 18. Qc2 Ne5 19. a4 Nc4 20. axb5 axb5 21. Qe2
Qd6 22. Nxb5 Qxb4 23. Bxf6 Qxb5 24. Bd4 Rc7 25. Rdb1 Qd7 26. Rc1 Rfc8 27. Qh5
f6 28. h4 Bg4 29. Qxd5+ Qxd5 30. Bxd5+ Kh8 31. Rc3 Nd6 32. Rxc7 Rxc7 33. Ra8+
Rc8 34. Ra5 Rc1+ 35. Kg2 h6 36. Ra8+ Rc8 37. Ra5 Re8 38. Bc6 Rc8 39. Bd5 Re8
40. Ra6 Rd8 41. f3 Bf5 42. Bc5 Nb5 43. e4 Bg6 44. Be7 Re8 45. Bb4 Nc7 46. Ra7
Nxd5 47. exd5 Re2+ 48. Kf1 Bd3 49. Kg1 Bb5 50. Rb7 Ba4 51. Ba5 Ra2 52. Rb8+ Kh7
53. Be1 Ra1 54. Kf2 Rd1 55. d6 1/2-1/2

[Event "17. Torneo San Viator 2011"]
[Site "Madrid ESP"]
[Date "2011.10.02"]
[Round "3.23"]
[White "Soto Martin, Miguel"]
[Black "Garcia Rojas, Juan Carlos"]
[Result "1-0"]
[WhiteElo "1411"]
[BlackElo "1565"]
[PlyCount "122"]
[EventDate "2011.09.25"]
[EventType "swiss"]
[EventRounds "9"]
[EventCountry "ESP"]
[Source "lmi"]
[SourceDate "2011.09.25"]

1. d4 Nf6 2. Nf3 d5 3. e3 g6 4. g3 Bg7 5. Bg2 c6 6. O-O Bg4 7. Nbd2 Na6 8. Nb3
O-O 9. h3 Bf5 10. Re1 Qc8 11. h4 Bg4 12. Bd2 Ne4 13. Qe2 c5 14. Rac1 c4 15. Na1
Re8 16. c3 Qf5 17. Red1 e5 18. Be1 Nxg3 19. fxg3 e4 20. Qf2 exf3 21. Bh1 Bh6
22. Bd2 Re7 23. Rf1 Qd3 24. Rcd1 Bxe3 25. Bxe3 Qxe3 26. Nc2 Qxf2+ 27. Rxf2 Rae8
28. Bxf3 Bf5 29. Na3 Nc7 30. Nc2 Bxc2 31. Rxc2 Re3 32. Rf2 a5 33. Rdf1 f5 34.
h5 Kg7 35. g4 fxg4 36. Bxg4 Rg3+ 37. Rg2 Rxg2+ 38. Kxg2 b5 39. a3 Re7 40. Rf2
Ne8 41. Re2 Nf6 42. Rxe7+ Kf8 43. Rb7 Nxg4 44. hxg6 hxg6 45. Rxb5 a4 46. Kf3
Nf6 47. Ra5 Ke7 48. Rxa4 g5 49. Rb4 Ne4 50. Kg4 Kd6 51. a4 Kc7 52. a5 Nf2+ 53.
Kxg5 Nd3 54. Rb5 Nf2 55. Kf5 Ne4 56. Rxd5 Nd2 57. Rb5 Kc6 58. Rb6+ Kc7 59. d5
Nb3 60. d6+ Kd7 61. a6 Nc5 1-0